Por un bautizo (Record no. 151682)

MARC details
000 -LEADER
campo de control de longitud fija 00977nam a2200217 i 4500
001 - NÚMERO DE CONTROL
campo de control 151682
003 - IDENTIFICADOR DE NÚMERO DE CONTROL
campo de control ES-MaACL
005 - FECHA Y HORA DE LA ÚLTIMA TRANSACCIÓN
campo de control 20250824074919.0
008 - DATOS DE LONGITUD FIJA--INFORMACIÓN GENERAL
campo de control de longitud fija 931025s1880 sp |||| | spa d
100 1# - ENTRADA PRINCIPAL--NOMBRE DE PERSONA
Nombre de persona Barrera, Pedro María.
9 (RLIN) 25922
245 10 - MENCIÓN DEL TÍTULO
Título Por un bautizo
Resto del título : comedia en un acto y en verso /
Mención de responsabilidad, etc. Pedro María Barrera.
250 ## - MENCION DE EDICION
Mención de edición 2ª ed.
260 ## - PUBLICACIÓN, DISTRIBUCIÓN, ETC.
Lugar de publicación, distribución, etc. Madrid :
Nombre del editor, distribuidor, etc. [Hijos de A. Gullon, Editores],
Fecha de publicación, distribución, etc. 1880 (
Fabricante Imprenta de José de Rojas)
300 ## - DESCRIPCIÓN FÍSICA
Extensión 32 p. ;
Dimensiones 20 cm.
490 1# - MENCIÓN DE SERIE
Mención de serie El teatro: colección de obras dramáticas y líricas
594 ## - Nota al título y mención de responsabilidad
Nota al título y mención de responsabilidad En port.: Estrenada en el Teatro Español, el día 8 de marzo de 1870.
596 ## - NOTA AL PIE DE IMPRENTA
NOTA AL PIE DE IMPRENTA Editor tomado de la cub.
830 03 - PUNTO DE ACCESO ADICIONAL DE SERIE-TÍTULO UNIFORME
Título uniforme El teatro: colección de obras dramática y líricas
9 (RLIN) 221753
852 ## - LOCALIZACIÓN
Ubicación ES-MaACL
Número de control de estantería F-8634(1)
Nota libre -- Enc. pasta española, conservando la enc. original
-- -- Enc. en un vol. facticio formando parte de la col. facticia "Teatro español moderno", vol. 89
Holdings
Estatus retirado Estado de pérdida Estado de daño No para préstamo Colección Biblioteca de origen Biblioteca actual Ubicación en estantería Fecha de adquisición Total de préstamos Signatura topográfica completa Código de barras Visto por última vez Precio de reemplazo Tipo de ítem Koha
        Libros del s. XIX Biblioteca del Ateneo de Madrid Biblioteca del Ateneo de Madrid Sala Pecera Planta 2 17/01/2008   F-8634(1) 1158305 23/02/2023 23/02/2023 Libro impreso antiguo